<?xml version="1.0" encoding="UTF-8"?><?xml-stylesheet type="text/xsl" href="static/style.xsl"?><OAI-PMH xmlns="http://www.openarchives.org/OAI/2.0/" xmlns:xsi="http://www.w3.org/2001/XMLSchema-instance" xsi:schemaLocation="http://www.openarchives.org/OAI/2.0/ http://www.openarchives.org/OAI/2.0/OAI-PMH.xsd"><responseDate>2026-04-14T07:30:12Z</responseDate><request verb="GetRecord" identifier="oai:www.recercat.cat:2072/411305" metadataPrefix="marc">https://recercat.cat/oai/request</request><GetRecord><record><header><identifier>oai:recercat.cat:2072/411305</identifier><datestamp>2024-11-24T23:34:23Z</datestamp><setSpec>com_2072_98</setSpec><setSpec>col_2072_378192</setSpec></header><metadata><record xmlns="http://www.loc.gov/MARC21/slim" xmlns:dcterms="http://purl.org/dc/terms/" xmlns:xsi="http://www.w3.org/2001/XMLSchema-instance" xmlns:doc="http://www.lyncode.com/xoai" xsi:schemaLocation="http://www.loc.gov/MARC21/slim http://www.loc.gov/standards/marcxml/schema/MARC21slim.xsd">
   <leader>00925njm 22002777a 4500</leader>
   <datafield ind2=" " ind1=" " tag="042">
      <subfield code="a">dc</subfield>
   </datafield>
   <datafield ind2=" " ind1=" " tag="720">
      <subfield code="a">Lawrence, K. T.</subfield>
      <subfield code="e">author</subfield>
   </datafield>
   <datafield ind2=" " ind1=" " tag="720">
      <subfield code="a">Sigman, D. M.</subfield>
      <subfield code="e">author</subfield>
   </datafield>
   <datafield ind2=" " ind1=" " tag="720">
      <subfield code="a">Herbert, T. D.</subfield>
      <subfield code="e">author</subfield>
   </datafield>
   <datafield ind2=" " ind1=" " tag="720">
      <subfield code="a">Riihimaki, C. A.</subfield>
      <subfield code="e">author</subfield>
   </datafield>
   <datafield ind2=" " ind1=" " tag="720">
      <subfield code="a">Bolton, C. T.</subfield>
      <subfield code="e">author</subfield>
   </datafield>
   <datafield ind2=" " ind1=" " tag="720">
      <subfield code="a">Rosell Melé, Antoni</subfield>
      <subfield code="e">author</subfield>
   </datafield>
   <datafield ind2=" " ind1=" " tag="720">
      <subfield code="a">Martínez García, Alfredo</subfield>
      <subfield code="e">author</subfield>
   </datafield>
   <datafield ind2=" " ind1=" " tag="720">
      <subfield code="a">Haug, Gerald H</subfield>
      <subfield code="e">author</subfield>
   </datafield>
   <datafield ind2=" " ind1=" " tag="260">
      <subfield code="c">2013</subfield>
   </datafield>
   <datafield ind2=" " ind1=" " tag="520">
      <subfield code="a">Marine biological export productivity declined in high-latitude regions in the North Pacific and Southern Ocean 2.7 million years ago, in parallel with the intensification of Northern Hemisphere glaciation. Here we present data from the North Atlantic, which show a similar but time-transgressive pattern of high-latitude productivity decline from 3.3 to 2.5 Ma, with productivity decreasing first at 69°N, hundreds of thousands of years before it declined at 58°N. We propose that the cumulative data are best explained by an equatorward migration of the westerly winds, which caused a southward shift in the zone of Ekman divergence and upwelling-associated major nutrient supply over this time interval. We suggest that a similar equatorward migration of the westerly winds may also help explain the productivity changes observed in other high-latitude regions, particularly the Southern Ocean. At 2.7 Ma, equatorial and temperate Atlantic sites began to show orbitally paced productivity pulses, consistent with a shoaling and meridional contraction of the nutrient-poor "warm sphere" that characterizes the low latitude upper ocean. This timing coincides with observed productivity changes in Southern Ocean, consistent with previous findings that the Southern Ocean exerts a strong influence on the fertility of the low-latitude Atlantic. Finally, we propose that the unique basin geometry of the North Atlantic caused deep water formation in this region to remain relatively stable despite equatorward migration of winds and ocean fronts.</subfield>
   </datafield>
   <datafield ind2="0" ind1="0" tag="245">
      <subfield code="a">Time-transgressive North Atlantic productivity changes upon Northern Hemisphere glaciation</subfield>
   </datafield>
</record></metadata></record></GetRecord></OAI-PMH>